[Event "Barcelona Sants op 21st"]
[Site "Barcelona"]
[Date "2019.08.24"]
[Round "2"]
[White "Mazet, Julien"]
[Black "Sanchez Sebastian, Felipe"]
[Result "0-1"]
[WhiteElo "2167"]
[BlackElo "2405"]
[PlyCount "42"]
[EventDate "2019.08.23"]
[EventType "swiss"]
[EventRounds "10"]
[EventCountry "ESP"]
[SourceTitle "EXT 2020"]
[Source "ChessBase"]
[SourceDate "2019.10.17"]
[SourceVersion "1"]
[SourceVersionDate "2019.10.17"]
[SourceQuality "1"]

1. d4 Nf6 2. Nf3 e6 3. c4 b6 4. a3 c5 5. d5 Ba6 6. Qc2 exd5 7. cxd5 Bb7 8. e4 Qe7 9. Bd3 Nxd5 10. 0-0 Nc7 11. Nc3 Ne6 12. b4 Nc6 13. bxc5 Qxc5 14. Be3 Qh5 15. Rfd1 Bc5 16. Bc4 Bxe3 17. fxe3 Qc5 18. Nb5 0-0 19. Rxd7 Na5 20. Bd3 Bc6 21. Rxa7 Qxc2 0-1

[Event "Barcelona Sants op 21st"]
[Site "Barcelona"]
[Date "2019.08.23"]
[Round "1"]
[White "Sanchez Sebastian, Felipe"]
[Black "Alcala Gonzalez, Cesar"]
[Result "1-0"]
[WhiteElo "2405"]
[BlackElo "2015"]
[PlyCount "69"]
[EventDate "2019.08.23"]
[EventType "swiss"]
[EventRounds "10"]
[EventCountry "ESP"]
[SourceTitle "EXT 2020"]
[Source "ChessBase"]
[SourceDate "2019.10.17"]
[SourceVersion "1"]
[SourceVersionDate "2019.10.17"]
[SourceQuality "1"]

1. Nf3 d5 2. g3 Nf6 3. Bg2 Bg4 4. h3 Bh5 5. d3 c6 6. 0-0 Nbd7 7. Nbd2 e5 8. Qe1 Bd6 9. e4 dxe4 10. dxe4 0-0 11. Nh4 Re8 12. Nc4 Bf8 13. a4 a5 14. Bd2 b6 15. Bc3 Qc7 16. b3 Nc5 17. Qe3 Nfd7 18. g4 Bg6 19. Rfd1 Ne6 20. Nxg6 fxg6 21. Rxd7 Qxd7 22. Nxb6 Qa7 23. Nxa8 Bc5 24. Qe2 Rxa8 25. Qc4 Bxf2+ 26. Kh1 Qd7 27. Bxe5 Kh8 28. Rf1 Be3 29. Qc3 Bd2 30. Qf3 g5 31. Rd1 Rd8 32. Bc3 Nd4 33. Rxd2 Nxf3 34. Rxd7 Rxd7 35. Bxf3 1-0